[Event "Oberliga NRW 2223"]
[Site "Germany"]
[Date "2023.02.12"]
[Round "5.7"]
[White "Hirsch, Stefan"]
[Black "Krallmann, Matthias"]
[Result "0-1"]
[WhiteElo "2133"]
[BlackElo "2151"]
[PlyCount "54"]
[EventDate "2022.09.11"]
[EventType "team-tourn"]
[EventRounds "9"]
[EventCountry "GER"]
[SourceTitle "EXT 2025"]
[Source "ChessBase"]
[SourceDate "2024.10.14"]
[SourceVersion "1"]
[SourceVersionDate "2024.10.14"]
[SourceQuality "1"]
[WhiteTeam "Wattenscheid"]
[BlackTeam "Lieme"]
[WhiteTeamCountry "GER"]
[BlackTeamCountry "GER"]

1. e4 c6 2. d4 d5 3. exd5 cxd5 4. c4 Nf6 5. Nc3 Nc6 6. Bg5 Be6 7. c5 g6 8. Bb5 Bg7 9. Nge2 0-0 10. 0-0 Ne4 11. Be3 Qd7 12. Na4 f5 13. f3 Nf6 14. Re1 Nh5 15. Qd2 f4 16. Bxf4 Nxf4 17. Nxf4 Bh6 18. g3 Bh3 19. Nc3 Bxf4 20. gxf4 e6 21. Ne2 Qf7 22. Bxc6 bxc6 23. Qe3 Rab8 24. b3 Qf5 25. Kh1 Qh5 26. Rg1 Rf6 27. Qe5 Qxf3+ 0-1

[Event "Oberliga NRW 2223"]
[Site "Germany"]
[Date "2022.09.25"]
[Round "2.8"]
[White "Spriestersbach, Kai"]
[Black "Krallmann, Matthias"]
[Result "1/2-1/2"]
[WhiteElo "2247"]
[BlackElo "2142"]
[PlyCount "53"]
[EventDate "2022.09.11"]
[EventType "team-tourn"]
[EventRounds "9"]
[EventCountry "GER"]
[SourceTitle "EXT 2025"]
[Source "ChessBase"]
[SourceDate "2024.10.14"]
[SourceVersion "1"]
[SourceVersionDate "2024.10.14"]
[SourceQuality "1"]
[WhiteTeam "Erkenschwick"]
[BlackTeam "Lieme"]
[WhiteTeamCountry "GER"]
[BlackTeamCountry "GER"]

1. e4 c6 2. d4 d5 3. e5 c5 4. Nf3 Bg4 5. dxc5 e6 6. Be3 Nc6 7. Bb5 Nge7 8. c3 Qc7 9. Nbd2 Ng6 10. Qa4 Bxf3 11. Nxf3 Be7 12. Qg4 0-0 13. Bxc6 Qxc6 14. 0-0 Bxc5 15. Rae1 Rac8 16. Bxc5 Qxc5 17. Nd4 b5 18. a3 a5 19. h4 Rfe8 20. h5 Nf8 21. Re3 b4 22. axb4 axb4 23. Qg5 bxc3 24. h6 Ng6 25. bxc3 Qe7 26. Qxe7 Rxe7 27. hxg7 1/2-1/2

[Event "Oberliga Nord W 1819"]
[Site "Germany"]
[Date "2018.11.11"]
[Round "2.7"]
[White "Krallmann, Matthias"]
[Black "Edel, Thomas"]
[Result "1-0"]
[WhiteElo "2140"]
[BlackElo "2095"]
[PlyCount "65"]
[EventDate "2018.10.21"]
[EventType "team-tourn"]
[EventRounds "9"]
[EventCountry "GER"]
[SourceTitle "EXT 2020"]
[Source "ChessBase"]
[SourceDate "2019.10.17"]
[SourceVersion "1"]
[SourceVersionDate "2019.10.17"]
[SourceQuality "1"]
[WhiteTeam "Werder Bremen II"]
[BlackTeam "Hannover SF"]
[WhiteTeamCountry "GER"]
[BlackTeamCountry "GER"]

1. d4 d5 2. c4 c6 3. Nf3 Nf6 4. Qc2 dxc4 5. Qxc4 Bf5 6. g3 e6 7. Bg2 Be7 8. 0-0 0-0 9. e3 Nbd7 10. Qe2 Qb6 11. Rd1 Rac8 12. Nc3 Ne4 13. Ne1 Nxc3 14. bxc3 Bg6 15. e4 c5 16. Bb2 Rfd8 17. Nd3 Qa6 18. Bf1 Qa4 19. Nf4 Nb6 20. Nxg6 hxg6 21. d5 exd5 22. exd5 Bd6 23. c4 Re8 24. Qd3 Re7 25. Re1 Rce8 26. Qc3 f6 27. Rxe7 Rxe7 28. Re1 Qe8 29. Rxe7 Qxe7 30. Qc2 Qe8 31. Bd3 Qa4 32. Qe2 Qd7 33. Bxg6 1-0

[Event "Oberliga Nord W 1718"]
[Site "Germany"]
[Date "2018.02.04"]
[Round "6.4"]
[White "Krallmann, Matthias"]
[Black "Issing, Peter"]
[Result "1/2-1/2"]
[WhiteElo "2146"]
[BlackElo "2196"]
[PlyCount "85"]
[EventDate "2017.10.08"]
[EventType "team-tourn"]
[EventRounds "9"]
[EventCountry "GER"]
[SourceTitle "EXT 2019"]
[Source "ChessBase"]
[SourceDate "2018.10.10"]
[SourceVersion "1"]
[SourceVersionDate "2018.10.10"]
[SourceQuality "1"]
[WhiteTeam "Werder Bremen III"]
[BlackTeam "Bremer SG"]
[WhiteTeamCountry "GER"]
[BlackTeamCountry "GER"]

1. d4 Nf6 2. c4 e6 3. Nf3 Bb4+ 4. Bd2 c5 5. g3 b6 6. Bg2 Bb7 7. 0-0 Bxd2 8. Qxd2 0-0 9. Nc3 Qe7 10. d5 exd5 11. Nh4 Rd8 12. Nxd5 Bxd5 13. Bxd5 Nxd5 14. Qxd5 Nc6 15. Qd2 Qe6 16. Ng2 Qxc4 17. Ne3 Qd4 18. Rad1 Qxd2 19. Rxd2 Kf8 20. Rfd1 Ke8 21. Nf5 g6 22. Nd6+ Kf8 23. Nb7 Rdb8 24. Rxd7 Ne5 25. Rc7 Rc8 26. Rxc8+ Rxc8 27. f4 Rc7 28. Nd6 Nc6 29. Nb5 Re7 30. Kf2 a6 31. Nc3 Nd4 32. e3 Nf5 33. Rd8+ Kg7 34. Nd5 Rb7 35. g4 Ne7 36. Nxe7 Rxe7 37. Rd6 Re6 38. Rxe6 fxe6 39. Kf3 Kf6 40. Ke4 b5 41. b3 g5 42. h3 h6 43. a3 1/2-1/2

[Event "BL2-Nord 1718"]
[Site "Germany"]
[Date "2017.12.10"]
[Round "4.8"]
[White "Krallmann, Matthias"]
[Black "Kalabic, Faris"]
[Result "1/2-1/2"]
[WhiteElo "2146"]
[BlackElo "2205"]
[PlyCount "49"]
[EventDate "2017.10.08"]
[EventType "team-tourn"]
[EventRounds "9"]
[EventCountry "GER"]
[SourceTitle "CBM 183 Extra"]
[Source "ChessBase"]
[SourceDate "2018.04.19"]
[SourceVersion "1"]
[SourceVersionDate "2018.04.19"]
[SourceQuality "1"]
[WhiteTeam "Werder Bremen II"]
[BlackTeam "Zehlendorf"]
[WhiteTeamCountry "GER"]
[BlackTeamCountry "GER"]

1. d4 Nf6 2. c4 e6 3. Nf3 b6 4. g3 Bb7 5. Bg2 c5 6. 0-0 cxd4 7. Qxd4 Bc5 8. Qf4 0-0 9. Nc3 Nc6 10. Rd1 Rc8 11. b3 Ne7 12. Bb2 Ng6 13. Qd2 a6 14. e3 Qc7 15. Rac1 Bc6 16. Qe2 Qb7 17. a3 Ne5 18. Nd5 Nxf3+ 19. Qxf3 Ne8 20. Qg4 f5 21. Qg5 exd5 22. cxd5 Bb5 23. a4 Bxa4 24. bxa4 d6 25. Bf1 1/2-1/2

[Event "Oberliga Nord W 1617"]
[Site "Germany"]
[Date "2017.04.23"]
[Round "8.2"]
[White "Krallmann, Matthias"]
[Black "Schulz, Jens"]
[Result "1-0"]
[WhiteElo "2131"]
[BlackElo "2219"]
[PlyCount "81"]
[EventDate "2016.10.16"]
[EventType "team-tourn"]
[EventRounds "9"]
[EventCountry "GER"]
[SourceTitle "EXT 2018"]
[Source "ChessBase"]
[SourceDate "2017.10.13"]
[SourceVersion "1"]
[SourceVersionDate "2017.10.13"]
[SourceQuality "1"]
[WhiteTeam "Werder Bremen"]
[BlackTeam "Nordhorn Blanke"]
[WhiteTeamCountry "GER"]
[BlackTeamCountry "GER"]

1. d4 Nf6 2. c4 e6 3. Nf3 b6 4. g3 Ba6 5. b3 Bb4+ 6. Bd2 Be7 7. Bg2 c6 8. 0-0 d5 9. Ne5 0-0 10. Bc3 Nfd7 11. Nxd7 Nxd7 12. Nd2 Nf6 13. e4 Rc8 14. Re1 Bb7 15. Rc1 Rc7 16. Qe2 Qa8 17. Rcd1 Rd8 18. h3 h6 19. Kh2 dxe4 20. Nxe4 Rcd7 21. Nd2 c5 22. Bxb7 Qxb7 23. Nf3 cxd4 24. Rxd4 Bc5 25. Rxd7 Qxd7 26. b4 Be7 27. Ne5 Qc7 28. Qf3 Rc8 29. b5 Qc5 30. Nc6 Bf8 31. Bxf6 gxf6 32. Qxf6 Bg7 33. Qf4 a6 34. Rd1 axb5 35. cxb5 Rf8 36. a4 e5 37. Qf3 Qc4 38. Ne7+ Kh8 39. Rd6 Qxa4 40. Qh5 Kh7 41. Nf5 1-0

[Event "Oberliga Nord W 1617"]
[Site "Germany"]
[Date "2017.02.19"]
[Round "6.2"]
[White "Krallmann, Matthias"]
[Black "Meessen, Max"]
[Result "1/2-1/2"]
[WhiteElo "2131"]
[BlackElo "2231"]
[PlyCount "53"]
[EventDate "2016.10.16"]
[EventType "team-tourn"]
[EventRounds "9"]
[EventCountry "GER"]
[SourceTitle "EXT 2018"]
[Source "ChessBase"]
[SourceDate "2017.10.13"]
[SourceVersion "1"]
[SourceVersionDate "2017.10.13"]
[SourceQuality "1"]
[WhiteTeam "Werder Bremen"]
[BlackTeam "Oldenburg Union"]
[WhiteTeamCountry "GER"]
[BlackTeamCountry "GER"]

1. d4 Nf6 2. c4 e6 3. g3 d5 4. Nf3 dxc4 5. Bg2 Bb4+ 6. Bd2 a5 7. 0-0 0-0 8. e3 Qe7 9. Qe2 b5 10. a4 c6 11. Ne5 Bb7 12. axb5 Bxd2 13. bxc6 Nxc6 14. Nxc6 Bxc6 15. Bxc6 Rac8 16. Nxd2 Rxc6 17. Nxc4 Rfc8 18. b3 Qb4 19. Nxa5 Rc2 20. Qa6 h5 21. Qb7 Qxb7 22. Nxb7 Ne4 23. b4 Nd2 24. Rfd1 Ne4 25. Rf1 Nd2 26. Rfd1 Ne4 27. Rf1 1/2-1/2

[Event "Oberliga Nord W 1617"]
[Site "Germany"]
[Date "2016.11.20"]
[Round "2.2"]
[White "Ackermann, Dennie"]
[Black "Krallmann, Matthias"]
[Result "1-0"]
[WhiteElo "2118"]
[BlackElo "2131"]
[PlyCount "87"]
[EventDate "2016.10.16"]
[EventType "team-tourn"]
[EventRounds "9"]
[EventCountry "GER"]
[SourceTitle "EXT 2018"]
[Source "ChessBase"]
[SourceDate "2017.10.13"]
[SourceVersion "1"]
[SourceVersionDate "2017.10.13"]
[SourceQuality "1"]
[WhiteTeam "Hannover SF"]
[BlackTeam "Werder Bremen"]
[WhiteTeamCountry "GER"]
[BlackTeamCountry "GER"]

1. d4 d5 2. c4 c6 3. Nf3 Nf6 4. e3 Bg4 5. h3 Bh5 6. Nc3 e6 7. Bd3 Nbd7 8. Qc2 Bd6 9. Bd2 Bg6 10. Bxg6 hxg6 11. e4 Nxe4 12. Nxe4 dxe4 13. Qxe4 Nf6 14. Qe2 Qc7 15. 0-0 0-0 16. Rfd1 a5 17. Rac1 a4 18. Rc2 Rfd8 19. Bc3 Qb8 20. Ne5 Ra6 21. Qf3 Qa8 22. Rcd2 b5 23. b3 axb3 24. axb3 bxc4 25. bxc4 Rc8 26. g4 Qa7 27. g5 Ne8 28. Rd3 Qb7 29. R1d2 Bf8 30. c5 Rd8 31. h4 Rd5 32. Rb2 Qc7 33. Rb6 Rxb6 34. cxb6 Qb7 35. Bb2 Nd6 36. Ba3 Nf5 37. Bxf8 Kxf8 38. Qd1 Qxb6 39. Qa4 Kg8 40. Rb3 Qxd4 41. Qxd4 Nxd4 42. Rb8+ Kh7 43. Nxf7 Nf3+ 44. Kf1 1-0

[Event "Bodensee op"]
[Site "Bregenz"]
[Date "2015.05.14"]
[Round "6"]
[White "Krallmann, Matthias"]
[Black "Dittmar, Peter"]
[Result "1/2-1/2"]
[WhiteElo "2192"]
[BlackElo "2312"]
[PlyCount "109"]
[EventDate "2015.05.09"]
[EventType "swiss"]
[EventRounds "9"]
[EventCountry "AUT"]
[SourceTitle "CBM 166 Extra"]
[Source "ChessBase"]
[SourceDate "2015.06.18"]
[SourceVersion "1"]
[SourceVersionDate "2015.06.18"]
[SourceQuality "1"]

1. d4 d5 2. c4 e6 3. Nf3 c5 4. cxd5 exd5 5. Nc3 Nc6 6. g3 c4 7. Bg2 Bb4 8. 0-0 Nge7 9. Bf4 0-0 10. Rc1 Qa5 11. a3 Bxc3 12. Rxc3 Bf5 13. Ne5 Rad8 14. g4 Be6 15. h3 Nxe5 16. Bxe5 f6 17. Bf4 Rfe8 18. e4 dxe4 19. Bxe4 Nd5 20. Bxd5 Qxd5 21. Re1 Bd7 22. Rxe8+ Rxe8 23. Re3 Rxe3 24. Bxe3 Bc6 25. f3 h5 26. Kf2 b5 27. gxh5 Qxh5 28. d5 Bxd5 29. Bxa7 Qh4+ 30. Ke3 Be6 31. Qg1 Qh6+ 32. Ke2 Qxh3 33. Bd4 Kh7 34. Qe3 Bf5 35. Qf4 Qg2+ 36. Bf2 Bd3+ 37. Ke3 Qh3 38. Qh4+ Qxh4 39. Bxh4 Kg6 40. Kf4 Kf7 41. Bf2 Ke6 42. Bd4 Bc2 43. Bc3 g5+ 44. Kg3 Kf5 45. Bd4 Bd1 46. Bc3 Kg6 47. Bd4 f5 48. Bc3 f4+ 49. Kg4 Ba4 50. Kh3 Bd1 51. Kg4 Bc2 52. Kh3 Ba4 53. Bb4 Kf5 54. Kg2 Bd1 55. Be7 1/2-1/2

[Event "Oberliga Nord W 1415"]
[Site "Germany"]
[Date "2015.01.18"]
[Round "5.4"]
[White "Krallmann, Matthias"]
[Black "Issing, Peter"]
[Result "1/2-1/2"]
[WhiteElo "2259"]
[BlackElo "2182"]
[PlyCount "41"]
[EventDate "2014.09.22"]
[EventType "team-tourn"]
[EventRounds "9"]
[EventCountry "GER"]
[SourceTitle "EXT 2016"]
[Source "ChessBase"]
[SourceDate "2015.10.08"]
[SourceVersion "1"]
[SourceVersionDate "2015.10.08"]
[SourceQuality "1"]
[WhiteTeam "Werder Bremen II"]
[BlackTeam "Bremer SG"]
[WhiteTeamCountry "GER"]
[BlackTeamCountry "GER"]

1. d4 Nf6 2. c4 e6 3. Nf3 c6 4. Bg5 Qa5+ 5. Bd2 Qc7 6. Nc3 d5 7. e3 Nbd7 8. Rc1 Be7 9. Bd3 0-0 10. 0-0 dxc4 11. Bxc4 e5 12. Qb3 h6 13. Qc2 a6 14. a3 Bd6 15. Ba2 Re8 16. h3 e4 17. Nh4 Nf8 18. f4 Qe7 19. Be1 Be6 20. Bxe6 Qxe6 21. f5 1/2-1/2

[Event "GER-ch 85th"]
[Site "Verden an der Aller"]
[Date "2014.11.25"]
[Round "5"]
[White "Mueller, Oliver"]
[Black "Krallmann, Matthias"]
[Result "1-0"]
[WhiteElo "2258"]
[BlackElo "2221"]
[PlyCount "122"]
[EventDate "2014.11.21"]
[EventType "swiss"]
[EventRounds "9"]
[EventCountry "GER"]
[SourceTitle "CBM 163 Extra"]
[Source "ChessBase"]
[SourceDate "2014.12.23"]
[SourceVersion "1"]
[SourceVersionDate "2014.12.23"]
[SourceQuality "1"]

1. d4 d5 2. c4 c6 3. Nf3 Nf6 4. e3 Bf5 5. Nc3 e6 6. Nh4 Bg6 7. Nxg6 hxg6 8. g3 Nbd7 9. Bd2 dxc4 10. Bxc4 Be7 11. Qf3 0-0 12. Rd1 e5 13. Bb3 exd4 14. exd4 Nb6 15. Be3 Nbd5 16. 0-0 Qd7 17. Bg5 Rad8 18. Rfe1 Rfe8 19. h4 Qf5 20. Qxf5 gxf5 21. Re5 Nxc3 22. bxc3 Nd5 23. Rde1 Kf8 24. Bxd5 f6 25. Rxf5 Rxd5 26. Rxd5 cxd5 27. Bd2 Kf7 28. Kf1 Rc8 29. Rb1 b6 30. Ke2 Rc4 31. Kd3 Ra4 32. Rb2 Ba3 33. Rc2 b5 34. Bf4 a6 35. f3 Rc4 36. g4 Rc8 37. h5 Re8 38. Re2 Rxe2 39. Kxe2 a5 40. Bc7 a4 41. Kd2 Ke6 42. f4 Be7 43. f5+ Kf7 44. Kc2 Kg8 45. Bf4 Kh7 46. Kd3 Kg8 47. Ke2 Kh7 48. Kf3 Kg8 49. Kg3 Kh7 50. Kh4 Ba3 51. g5 fxg5+ 52. Kxg5 Be7+ 53. Kg4 Ba3 54. f6 g6 55. Kg5 gxh5 56. Kxh5 Bb2 57. Bd2 b4 58. cxb4 Bxd4 59. Kg5 Bb6 60. Kf5 d4 61. Ke6 Kg8 1-0

[Event "BL2-Nord 1314"]
[Site "Germany"]
[Date "2014.04.06"]
[Round "9.4"]
[White "Krallmann, Matthias"]
[Black "Moritz, Aron"]
[Result "1/2-1/2"]
[WhiteElo "2253"]
[BlackElo "2183"]
[PlyCount "47"]
[EventDate "2013.10.13"]
[EventType "team-tourn"]
[EventRounds "9"]
[EventCountry "GER"]
[SourceTitle "EXT 2015"]
[Source "ChessBase"]
[SourceDate "2014.11.20"]
[SourceVersion "1"]
[SourceVersionDate "2014.11.20"]
[SourceQuality "1"]
[WhiteTeam "Werder Bremen II"]
[BlackTeam "Berlin SF II"]
[WhiteTeamCountry "GER"]
[BlackTeamCountry "GER"]

1. d4 Nf6 2. c4 g6 3. g3 Bg7 4. Bg2 0-0 5. Nf3 d6 6. 0-0 Nbd7 7. Nc3 e5 8. e4 c6 9. h3 Qa5 10. Re1 exd4 11. Nxd4 Ne5 12. Bf1 Re8 13. Be3 c5 14. Nb3 Qb4 15. a3 Qb6 16. Nd2 Nc6 17. Rb1 a5 18. Bg2 Bd7 19. Kh2 Nd4 20. f4 a4 21. Bf2 Bc6 22. g4 h6 23. Bg3 Qd8 24. Nd5 1/2-1/2

[Event "BL2-Nord 1314"]
[Site "Germany"]
[Date "2014.02.23"]
[Round "7.7"]
[White "Jaster, Robert"]
[Black "Krallmann, Matthias"]
[Result "1-0"]
[WhiteElo "2329"]
[BlackElo "2253"]
[PlyCount "81"]
[EventDate "2013.10.13"]
[EventType "team-tourn"]
[EventRounds "9"]
[EventCountry "GER"]
[SourceTitle "EXT 2015"]
[Source "ChessBase"]
[SourceDate "2014.11.20"]
[SourceVersion "1"]
[SourceVersionDate "2014.11.20"]
[SourceQuality "1"]
[WhiteTeam "Rostock"]
[BlackTeam "Werder Bremen II"]
[WhiteTeamCountry "GER"]
[BlackTeamCountry "GER"]

1. d4 Nf6 2. c4 c5 3. d5 e5 4. Nc3 d6 5. e4 Be7 6. Nge2 0-0 7. g3 Ne8 8. Bg2 Nd7 9. 0-0 g6 10. f4 f5 11. exf5 gxf5 12. fxe5 Nxe5 13. b3 Bf6 14. Bh6 Ng7 15. h3 Bg5 16. Bxg5 Qxg5 17. Qc1 h6 18. Kh2 Nh5 19. Qxg5+ hxg5 20. Nb5 f4 21. gxf4 gxf4 22. Bf3 Ng3 23. Nxg3 fxg3+ 24. Kxg3 Rf6 25. Be4 Rh6 26. Bf5 Bxf5 27. Rxf5 a6 28. Nc7 Rc8 29. Ne6 b5 30. cxb5 axb5 31. Raf1 Rg6+ 32. Kh2 c4 33. Rf8+ Rxf8 34. Rxf8+ Kh7 35. bxc4 bxc4 36. Rf5 Kh6 37. Rf8 Kh7 38. Rf5 Kh6 39. Rf2 Nd3 40. Rf8 Ne5 41. Rh8# 1-0

[Event "BL2-Nord 1314"]
[Site "Germany"]
[Date "2014.01.19"]
[Round "5.7"]
[White "Hein, Andreas"]
[Black "Krallmann, Matthias"]
[Result "0-1"]
[WhiteElo "2236"]
[BlackElo "2253"]
[PlyCount "70"]
[EventDate "2013.10.13"]
[EventType "team-tourn"]
[EventRounds "9"]
[EventCountry "GER"]
[SourceTitle "EXT 2015"]
[Source "ChessBase"]
[SourceDate "2014.11.20"]
[SourceVersion "1"]
[SourceVersionDate "2014.11.20"]
[SourceQuality "1"]
[WhiteTeam "Luebeck"]
[BlackTeam "Werder Bremen II"]
[WhiteTeamCountry "GER"]
[BlackTeamCountry "GER"]

1. c4 c5 2. g3 e6 3. Bg2 Nf6 4. Nf3 Be7 5. 0-0 0-0 6. Nc3 a6 7. a3 Qc7 8. d3 b6 9. Bf4 d6 10. b4 Bb7 11. Qb3 Nbd7 12. Rab1 Rab8 13. Rfc1 Rfc8 14. h3 Ba8 15. g4 h6 16. Nd2 Bxg2 17. Kxg2 Qb7+ 18. Kg1 Qa8 19. Qa4 Rd8 20. Rc2 Rbc8 21. Nde4 Nxe4 22. Nxe4 d5 23. cxd5 exd5 24. Nd6 Bxd6 25. Bxd6 b5 26. Qb3 c4 27. Qc3 Nb6 28. Be5 d4 29. Qd2 Qd5 30. Qf4 Rd7 31. dxc4 Rxc4 32. Rd2 f6 33. Bxf6 gxf6 34. Qb8+ Nc8 35. Qf4 Kg7 0-1

[Event "BL2-Nord 1213"]
[Site "Germany"]
[Date "2013.02.24"]
[Round "7.4"]
[White "Krause, Ullrich"]
[Black "Krallmann, Matthias"]
[Result "1/2-1/2"]
[WhiteElo "2319"]
[BlackElo "2265"]
[PlyCount "50"]
[EventDate "2012.10.14"]
[EventType "team-tourn"]
[EventRounds "9"]
[EventCountry "GER"]
[SourceTitle "CBM 154 Extra"]
[Source "ChessBase"]
[SourceDate "2013.06.25"]
[SourceVersion "2"]
[SourceVersionDate "2013.06.25"]
[SourceQuality "1"]
[WhiteTeam "Luebeck"]
[BlackTeam "Werder Bremen II"]
[WhiteTeamCountry "GER"]
[BlackTeamCountry "GER"]

1. d4 d5 2. c4 dxc4 3. Nf3 Nf6 4. e3 e6 5. Bxc4 c5 6. 0-0 a6 7. dxc5 Qxd1 8. Rxd1 Bxc5 9. Be2 b6 10. Nbd2 Bb7 11. a3 Nbd7 12. b4 Be7 13. Bb2 Rc8 14. Nd4 0-0 15. Rac1 Rfd8 16. Bf3 Nd5 17. Nc4 Rc7 18. Ne2 Rdc8 19. Ne5 Rxc1 20. Rxc1 Rxc1+ 21. Nxc1 Nxe5 22. Bxe5 a5 23. Bd4 axb4 24. axb4 Bxb4 25. Bxb6 Nxb6 1/2-1/2

[Event "BL2-Nord 1213"]
[Site "Germany"]
[Date "2013.02.03"]
[Round "6.6"]
[White "Krallmann, Matthias"]
[Black "Jaster, Robert"]
[Result "1-0"]
[WhiteElo "2265"]
[BlackElo "2326"]
[PlyCount "75"]
[EventDate "2012.10.14"]
[EventType "team-tourn"]
[EventRounds "9"]
[EventCountry "GER"]
[SourceTitle "CBM 154 Extra"]
[Source "ChessBase"]
[SourceDate "2013.06.25"]
[SourceVersion "2"]
[SourceVersionDate "2013.06.25"]
[SourceQuality "1"]
[WhiteTeam "Werder Bremen II"]
[BlackTeam "Rostock SSC 07"]
[WhiteTeamCountry "GER"]
[BlackTeamCountry "GER"]

1. d4 f5 2. g3 Nf6 3. Bg2 g6 4. Nf3 Bg7 5. 0-0 0-0 6. c4 d6 7. Nc3 Qe8 8. b3 Na6 9. Ba3 c6 10. Qd3 Rb8 11. e4 fxe4 12. Nxe4 Bf5 13. Nxf6+ Bxf6 14. Qe3 Qd7 15. Rad1 b5 16. Ne5 dxe5 17. dxe5 Qe6 18. exf6 Qxe3 19. fxe3 Rxf6 20. cxb5 Rxb5 21. Bxe7 Re6 22. Rd8+ Kf7 23. Bg5 Rb4 24. e4 Rexe4 25. Bxe4 Rxe4 26. Rd7+ Ke6 27. Re7+ Kd5 28. Rd1+ Rd4 29. Rxd4+ Kxd4 30. Bf6+ Kd3 31. Rxa7 Nc5 32. Rxh7 Ne4 33. Bd8 Ke2 34. Re7 Kf3 35. Bb6 c5 36. Re5 Nc3 37. Bxc5 Ne2+ 38. Kf1 1-0

[Event "NRW Class1 1011"]
[Site "Germany"]
[Date "2011.03.13"]
[Round "8.4"]
[White "Krallmann, Matthias"]
[Black "Haves, Reinhard"]
[Result "1-0"]
[WhiteElo "2234"]
[BlackElo "2209"]
[PlyCount "77"]
[EventDate "2010.09.26"]
[EventType "team-tourn"]
[EventRounds "9"]
[EventCountry "GER"]
[SourceTitle "EXT 2012"]
[Source "ChessBase"]
[SourceDate "2011.11.24"]
[SourceVersion "1"]
[SourceVersionDate "2011.11.24"]
[SourceQuality "1"]
[WhiteTeam "Lippstadt Turm"]
[BlackTeam "Neuenkirchen"]
[WhiteTeamCountry "GER"]
[BlackTeamCountry "GER"]

1. d4 g6 2. c4 Bg7 3. Nf3 d6 4. Nc3 Bg4 5. e3 Nf6 6. Be2 0-0 7. 0-0 Bf5 8. b3 c5 9. Bb2 Ne4 10. Nxe4 Bxe4 11. Qd2 Nc6 12. dxc5 dxc5 13. Bxg7 Kxg7 14. Qc3+ Kg8 15. Rad1 Qa5 16. Qxa5 Nxa5 17. Rd7 Rfe8 18. Rfd1 Rac8 19. Ne1 Bf5 20. R7d2 Rc7 21. Bf3 Kg7 22. g3 Nc6 23. Rd5 Nb4 24. R5d2 Nc6 25. Bg2 Nb4 26. h3 h5 27. Kf1 a6 28. Ke2 Rb8 29. f4 b5 30. Rc1 bxc4 31. Rxc4 Be6 32. Rc3 a5 33. Nd3 Rbc8 34. Ne5 a4 35. bxa4 Nxa2 36. Ra3 c4 37. Rdxa2 c3 38. Rc2 f6 39. Nc6 1-0

[Event "NRW Class1 1011"]
[Site "Germany"]
[Date "2010.09.26"]
[Round "1.4"]
[White "Krallmann, Matthias"]
[Black "Spisla, Dominik"]
[Result "1-0"]
[WhiteElo "2234"]
[BlackElo "1873"]
[PlyCount "75"]
[EventDate "2010.09.26"]
[EventType "team-tourn"]
[EventRounds "9"]
[EventCountry "GER"]
[SourceTitle "EXT 2012"]
[Source "ChessBase"]
[SourceDate "2011.11.24"]
[SourceVersion "1"]
[SourceVersionDate "2011.11.24"]
[SourceQuality "1"]
[WhiteTeam "Lippstadt Turm"]
[BlackTeam "Brackweda"]
[WhiteTeamCountry "GER"]
[BlackTeamCountry "GER"]

1. d4 d5 2. c4 e6 3. Nf3 Nf6 4. Nc3 Be7 5. Bg5 Nbd7 6. e3 c6 7. Qc2 0-0 8. Rd1 Re8 9. a3 Nf8 10. Bd3 Ng6 11. 0-0 dxc4 12. Bxc4 h6 13. Bxf6 Bxf6 14. e4 b5 15. Ba2 Qb6 16. d5 Bxc3 17. Qxc3 cxd5 18. exd5 exd5 19. Bxd5 Nf4 20. Qc6 Ba6 21. Qxb6 axb6 22. Bxa8 Rxa8 23. Rd6 b4 24. Rfd1 bxa3 25. Rd8+ Rxd8 26. Rxd8+ Kh7 27. bxa3 Be2 28. Nd4 Bc4 29. Rc8 Ne2+ 30. Nxe2 Bxe2 31. f4 b5 32. Kf2 Bd3 33. Ke3 Bf1 34. g3 Kg6 35. Rc3 f5 36. Kd4 Kf6 37. Rc6+ Ke7 38. Kc5 1-0

[Event "Sitges op 36th"]
[Site "Sitges"]
[Date "2010.07.28"]
[Round "7"]
[White "Krallmann, Matthias"]
[Black "Cruz Estrada, Filemon"]
[Result "0-1"]
[WhiteElo "2234"]
[BlackElo "2456"]
[PlyCount "104"]
[EventDate "2010.07.22"]
[EventType "swiss"]
[EventRounds "9"]
[EventCountry "ESP"]
[SourceTitle "CBM 137 Extra"]
[Source "ChessBase"]
[SourceDate "2010.09.01"]
[SourceVersion "1"]
[SourceVersionDate "2010.09.01"]
[SourceQuality "1"]

1. d4 d5 2. c4 c6 3. cxd5 cxd5 4. Bf4 Nc6 5. e3 Nf6 6. Nc3 a6 7. Bd3 b5 8. Rc1 Qb6 9. h3 e6 10. Nf3 Be7 11. 0-0 Bb7 12. Ne5 Rc8 13. Qe2 0-0 14. Bg5 Rc7 15. f4 Ne8 16. Bxe7 Nxe7 17. Qh5 Nf6 18. Qh4 Ne4 19. Nxe4 dxe4 20. Bb1 Bd5 21. Rxc7 Qxc7 22. Ng4 Nf5 23. Qe1 Rc8 24. Qd2 a5 25. Nf2 Nd6 26. Re1 b4 27. Kh1 f5 28. Kh2 Qc4 29. Kg1 a4 30. Kh2 h6 31. g3 a3 32. b3 Qc3 33. Qxc3 Rxc3 34. Kg2 Bb7 35. g4 Kf7 36. Nh1 g6 37. Nf2 Ne8 38. gxf5 gxf5 39. Nh1 Nf6 40. Kf2 Ba6 41. Ng3 h5 42. Ne2 Bxe2 43. Kxe2 Nd5 44. Kd2 Rc8 45. Rg1 Nc3 46. Bc2 Rg8 47. Rxg8 Kxg8 48. h4 Kf7 49. Bd1 Kg6 50. Be2 Nxa2 51. Kc2 Nc3 52. Bc4 Kf6 0-1

[Event "Dortmund op"]
[Site "Dortmund"]
[Date "2009.07.10"]
[Round "7"]
[White "Wittenberg, Andreas"]
[Black "Krallmann, Matthias"]
[Result "0-1"]
[WhiteElo "2129"]
[BlackElo "2247"]
[PlyCount "82"]
[EventDate "2009.07.04"]
[EventType "swiss"]
[EventRounds "9"]
[EventCountry "GER"]
[SourceTitle "CBM 131 Extra"]
[Source "ChessBase"]
[SourceDate "2009.09.03"]
[SourceVersion "2"]
[SourceVersionDate "2009.09.16"]
[SourceQuality "1"]

1. d4 Nf6 2. Nf3 e6 3. e3 b6 4. Bd3 Bb7 5. 0-0 d5 6. Ne5 Bd6 7. f4 0-0 8. Nd2 Qc8 9. b3 Ba6 10. c4 c5 11. Bb2 Qb7 12. Qf3 dxc4 13. Nexc4 Qxf3 14. Rxf3 Be7 15. dxc5 Rd8 16. Bxf6 Bxf6 17. Be4 Bxa1 18. Bxa8 Nd7 19. Bc6 Nxc5 20. b4 b5 21. Bxb5 Bxb5 22. bxc5 Bc3 23. Ne4 Rd1+ 24. Kf2 Bb4 25. Ned6 Bc6 26. e4 Bxc5+ 27. Ke2 Rxd6 28. Nxd6 Bxd6 29. Rc3 Bxe4 30. g3 Kf8 31. Rc4 Bd5 32. Ra4 Bc5 33. Ra5 Bb6 34. Ra4 Ke7 35. Kd2 Kd6 36. Ra3 Kc5 37. Rc3+ Bc4 38. Rc2 Kd4 39. Rb2 f6 40. a4 e5 41. fxe5 fxe5 0-1